Statistiques concernant Culture Générale - Série 2340

Cliquez ici pour prendre le quiz!

Statistiques générales

  • Ce quiz a été pris 58 fois
  • Le résultat moyen est 4 sur 10

Statistiques - réponses

QuestionRéponse% Correct
Quel était l'instrument de musique de prédilection de Django Reinhardt (1910-1953) ?guitare
96%
Quelle est la préfecture d'Ille-et-Vilaine ?Rennes
74%
Comment appelle-t-on un grand chandelier à plusieurs branches ? voir photocandélabre
54%
Le onzième album de la série de bande dessinée Astérix de René Goscinny et Albert Uderzo s'appelle " Le bouclier ...arverne
44%
Quelle ville russe s'est appelée successivement Tsaritsyne puis Stalingrad ?Volgograd
43%
Quel humoriste et acteur français (1926-1973) est connu pour ses sketches comme "bourreau d'enfants" ou "le 22 à Asnières" ? prénom et nomFernand Raynaud
37%
Quel acteur incarne François Vatel dans le film "Vatel" de Roland Joffé réalisé en 2000 ? prénom et nomGérard Depardieu
33%
Comment s'appelle la série de bande dessinée écrite et dessinée par Jacques Martin à partir de 1948 dont le héros est un jeune gaulois ?Alix
28%
Centre d'une ville traditionnelle, dans les pays d'Afrique du Nord, en Afrique occidentale et orientalemédina
26%
Que signifie le mot "izarra" en basque - nom donné à une célèbre liqueur verte ou jaune ?étoile
9%

Distribution des résultats

Percentile par nombre de réponses

% des personnes avec chaque résultat

Votre développement - résultats

Vous n’avez pas pris ce quiz